000
00223nam a22000857a 4500
008
170327b xxu||||| |||| 00| 0 eng d
100
_9
3049
_a
Joshi.R.etal.
245
_a
Communicative English-IX
260
_a
New Delhi
_b
G.B.P.
_c
2010
999
_c
6317
_d
6317